000 006000000a22001810004500
003 MACL
005 20160608115845.0
008 160608b xxu||||| |||| 00| 0 eng d
040 _aMACL
_cMACL
041 _aHindi
082 _a080 GUP
100 _aगुप्‍ता, एन. के
_962923
245 _aडाइनैमिक मेमोरी पॉवर
_cएन. के. गुप्‍ता
260 _bअनु प्रकाशन
_c2001
_aनई दिल्‍ली
350 _a140
650 _aसामान्‍यवर्ग
_948646
942 _cHIN
_k100
_2ddc
999 _c30398
_d30398